000 00864nas a2200265 4500
001 BR0101891
003 BR-BrBNA
005 20231205102216.0
007 ta
008 230509b bl.|||p| |||| 00| 00por d
040 _aBR-BrBNA
_bpor
_cBiblioteca Nacional de Agricultura
041 _a(Pt)
072 _aQ04
100 1 _aGloria, M.M. da
100 1 _aRegitano-d'Arce, M.A.B.
245 1 _aConcentrado e isolado proteico de torta de castanha do Para: obtencao e caracterizacao quimica e funcional
650 _aCastanha do Para
650 _aTorta
650 _aConcentrado Proteico
650 _aPropriedade Fisico-Quimica
650 _aModelo Matematico
773 0 _tCiencia e Tecnologia de Alimentos (Brazil)
_xISSN 0101-2061
_g(May-Aug 2000), v. 20(2) p. 240-245
_wBR0101891
909 _a202311
_bLúcia
_c55
_dLúcia Elande
942 _2AGRIS
_n0
_cANA
999 _c166305
_d166305